Countries Visited by Christopher Columbus - Statistics

General Stats
  • This quiz has been taken 22,181 times
  • The average score is 25 of 37
Answers on the Map
Answers color-coded by a green-red scale on the quiz's map according to % correct below.
 
Answer Stats
Country % Correct
Spain
99%
Bahamas
80%
Cuba
80%
Haiti
80%
Spain
80%
Canary Islands (Spain)
79%
Dominican Republic
79%
Portugal
78%
Azores (Portugal)
77%
Canary Islands (Spain)
77%
Spain
69%
Spain
67%
Madeira (Portugal)
66%
Canary Islands (Spain)
65%
Guadeloupe (France)
65%
Cape Verde
64%
Cuba
64%
Morocco
64%
Portugal
64%
Dominican Republic
63%
Dominican Republic
63%
Jamaica
63%
Trinidad and Tobago
63%
Dominican Republic
62%
Puerto Rico (US)
62%
Venezuela
62%
Virgin Islands (US)
62%
Guadeloupe (France)
60%
Honduras
60%
Panama
60%
Dominican Republic
59%
Dominican Republic
59%
Jamaica
59%
Nicaragua
59%
Spain
59%
Costa Rica
58%
Martinique (France)
58%
No matching quizzes found
Score Distribution
Percent of People with Each Score
Percentile by Number Answered
Your Score History
You have not taken this quiz